000 00375cam a2200157ua 4500
003 OSt
008 250325b |||||||| |||| 00| 0 eng d
041 _aeng
082 _a621.9
_bCHA/WO
100 _aChapman, W A J .
_92566
245 _aWorkshop technology, Part 1 /
250 _a5 /
260 _aNew Delhi :
_bViva Books ,
_c2004.
300 _a411 ; .
942 _cBK
999 _c13180
_d13180